ARRUPE JESUIT UNIVERSITY

CORONAVIRUS -STOP THE SPREAD - CLEAN,DISINFECT,COVER

The International encyclopedia of aviation / (Record no. 125500)

MARC details
000 -LEADER
fixed length control field 00847cam a2200253 i 4500
001 - CONTROL NUMBER
control field 1303572
003 - CONTROL NUMBER IDENTIFIER
control field ARRUPE
005 - DATE AND TIME OF LATEST TRANSACTION
control field 20161013114353.0
008 - FIXED-LENGTH DATA ELEMENTS--GENERAL INFORMATION
fixed length control field 770824s1977 nyua d 001 0 eng
010 ## - LIBRARY OF CONGRESS CONTROL NUMBER
LC control number 77014464
020 ## - INTERNATIONAL STANDARD BOOK NUMBER
International Standard Book Number 0517531577
040 ## - CATALOGING SOURCE
Original cataloging agency DLC
Transcribing agency DLC
Modifying agency DLC
050 00 - LIBRARY OF CONGRESS CALL NUMBER
Classification number TL509
Item number .I63 1977
082 00 - DEWEY DECIMAL CLASSIFICATION NUMBER
Classification number 629.1
300 ## - PHYSICAL DESCRIPTION
Other physical details ill. ;
Dimensions 32 cm.
245 04 - TITLE STATEMENT
Title The International encyclopedia of aviation /
Statement of responsibility, etc general editor, David Mondey ; assistant compiler, Jane's all the world's aircraft ; foreword by Juan Trippe.
260 ## - PUBLICATION, DISTRIBUTION, ETC. (IMPRINT)
Place of publication, distribution, etc London :
Name of publisher, distributor, etc Octopus books,
Date of publication, distribution, etc 1977.
300 ## - PHYSICAL DESCRIPTION
Extent 480 p. :
500 ## - GENERAL NOTE
General note Includes index.
650 #0 - SUBJECT ADDED ENTRY--TOPICAL TERM
Topical term or geographic name as entry element Aeronautics
General subdivision Pictorial works.
9 (RLIN) 26718
700 1# - ADDED ENTRY--PERSONAL NAME
Personal name Mondey, David.
9 (RLIN) 26719
730 ## - ADDED ENTRY--UNIFORM TITLE
Uniform title Jane's all the world's aircraft.
9 (RLIN) 26720
906 ## - LOCAL DATA ELEMENT F, LDF (RLIN)
a 7
b cbc
c orignew
d 1
e ocip
f 19
g y-gencatlg
942 ## - ADDED ENTRY ELEMENTS (KOHA)
Source of classification or shelving scheme Library of Congress Classification
Koha item type Monograph ( Printed materials)
Holdings
Withdrawn status Lost status Source of classification or shelving scheme Damaged status Not for loan Collection code Home library Current library Shelving location Date acquired Total Checkouts Full call number Barcode Date last seen Price effective from Koha item type
    Library of Congress Classification     Main Collection ARRUPE LIBRARY ARRUPE LIBRARY Main Collection 13/10/2016   L. TL546.7.I55 1977 46500010563 13/10/2016 13/10/2016 Monograph ( Printed materials)

 

Arrupe Library. PO Box MP320 Mt Pleasant, Harare, Zimbabwe
263 242 745411|librarian@aju.ac.zw